Archivos de la ciudad de Baeza y catálogos para su historia eclesiática / (Record no. 15405)

MARC details
000 -LEADER
campo de control de longitud fija 00878nam a2200253 i 4500
001 - NÚMERO DE CONTROL
campo de control 15405
003 - IDENTIFICADOR DE NÚMERO DE CONTROL
campo de control ES-MaACL
005 - FECHA Y HORA DE LA ÚLTIMA TRANSACCIÓN
campo de control 20230906151050.0
007 - CAMPO FIJO DE DESCRIPCIÓN FÍSICA--INFORMACIÓN GENERAL
campo de control de longitud fija t|
008 - DATOS DE LONGITUD FIJA--INFORMACIÓN GENERAL
campo de control de longitud fija 000302s1999 sp ||||1| spa d
020 ## - NÚMERO INTERNACIONAL ESTÁNDAR DEL LIBRO
Número Internacional Estándar del Libro 84-87311-13-X
080 ## - NÚMERO DE LA CLASIFICACIÓN DECIMAL UNIVERSAL
Número de la Clasificación Decimal Universal 930.255.1(460.352 Baeza)
080 ## - NÚMERO DE LA CLASIFICACIÓN DECIMAL UNIVERSAL
Número de la Clasificación Decimal Universal 9.460.352 Baeza(093.2)
100 1# - ENTRADA PRINCIPAL--NOMBRE DE PERSONA
Nombre de persona Rodríguez-Moñino Soriano, Rafael.
9 (RLIN) 98682
245 10 - MENCIÓN DEL TÍTULO
Título Archivos de la ciudad de Baeza y catálogos para su historia eclesiática /
Mención de responsabilidad, etc. Rafael Rodríguz-Moñino Soriano.
260 ## - PUBLICACIÓN, DISTRIBUCIÓN, ETC.
Lugar de publicación, distribución, etc. Madrid :
Nombre del editor, distribuidor, etc. Asociación Cultural Beturia,
Fecha de publicación, distribución, etc. 1999.
300 ## - DESCRIPCIÓN FÍSICA
Extensión 213 p. :
Otras características físicas il. ;
Dimensiones 22 cm.
490 1# - MENCIÓN DE SERIE
Mención de serie Colección Diego Muñoz Torrero
650 14 - PUNTO DE ACCESO ADICIONAL DE MATERIA--TÉRMINO DE MATERIA
Término de materia o nombre geográfico como elemento de entrada Archivos eclesiásticos-
Subdivisión geográfica Baeza.
9 (RLIN) 9955
651 #4 - PUNTO DE ACCESO ADICIONAL DE MATERIA--NOMBRE GEOGRÁFICO
Nombre geográfico Baeza-
Subdivisión general Historia-
Subdivisión de forma Fuentes.
9 (RLIN) 7855
830 0# - PUNTO DE ACCESO ADICIONAL DE SERIE-TÍTULO UNIFORME
Título uniforme Colección Diego Muñoz Torrero
9 (RLIN) 180351
852 ## - LOCALIZACIÓN
Ubicación ES-MaACL
Número de control de estantería L-22516
Sublocalización o colección R.127856
Holdings
Estatus retirado Estado de pérdida Estado de daño No para préstamo Biblioteca de origen Biblioteca actual Ubicación en estantería Fecha de adquisición Fuente de adquisición Total de préstamos Signatura topográfica completa Código de barras Visto por última vez Precio de reemplazo Tipo de ítem Koha
        Biblioteca del Ateneo de Madrid Biblioteca del Ateneo de Madrid Depósito 2 17/01/2008     L-22516 1015662 23/02/2023 23/02/2023 Libro impreso